| 000 | 00779nam a2200253Ia 4500 | ||
|---|---|---|---|
| 003 | OSt | ||
| 005 | 20221005032125.0 | ||
| 006 | a|||||r|||| 00| 0 | ||
| 007 | ta | ||
| 008 | 221004b |||||||| |||| 00| 0 eng d | ||
| 020 |
_a1844650634 (pbk) _c1420.45 |
||
| 024 | _a99401 | ||
| 037 |
_b64306, 30/12/2009, Universal Book Distributing Co. _cTextual |
||
| 040 |
_aCRL _cCRL _beng |
||
| 041 |
_2eng _aeng |
||
| 082 | _aR3xL70:g, P6 | ||
| 100 |
_aDeligiorgi Katerina Ed. _9584834 |
||
| 245 | 0 |
_aHegel _b New directions |
|
| 260 |
_aChesham _bAcumen _c2006 |
||
| 300 |
_axii,260p. _ccm. |
||
| 650 | _aPHILOSOPHY | ||
| 942 |
_hR3xL70:g, P6 _cTEXL _2cc |
||
| 999 |
_c939150 _d939150 |
||